[Event "Chigorin Memorial"]
[Site "St Petersburg"]
[Date "2016.10.21"]
[Round "7.143"]
[White "Basyrov, Eduard"]
[Black "Ismagilov, Igor"]
[Result "1-0"]
[WhiteElo "2001"]
[BlackElo "1775"]
[PlyCount "145"]
[EventDate "2016.10.15"]
[EventType "swiss"]
[EventRounds "9"]
[EventCountry "RUS"]

1. c4 e5 2. Nc3 Nf6 3. g3 d5 4. cxd5 Nxd5 5. Bg2 Nb6 6. Nf3 Nc6 7. O-O Be7 8.
d3 O-O 9. Be3 Nd4 10. Nxe5 Bf6 11. Nc4 c6 12. Ne4 Be7 13. Ne5 f5 14. Bxd4 Qxd4
15. Qb3+ Nd5 16. Nf3 Qb6 17. Ned2 Qxb3 18. Nxb3 Bf6 19. d4 g5 20. Ne5 Nb6 21.
Nc5 Bxe5 22. dxe5 Nc4 23. f4 Ne3 24. Rfc1 Nxg2 25. Kxg2 b6 26. Nb3 Bb7 27. Kf2
Kf7 28. Rd1 Ke7 29. Rd6 gxf4 30. gxf4 c5 31. Rg1 Rg8 32. Rh6 Rxg1 33. Rxh7+ Ke6
34. Kxg1 Bd5 35. Nd2 Rg8+ 36. Kf2 Rg2+ 37. Kf1 Rg4 38. e3 Rg2 39. Ke1 Rg1+ 40.
Ke2 Rg2+ 41. Kd3 c4+ 42. Nxc4 Bxc4+ 43. Kxc4 b5+ 44. Kd3 Rxb2 45. Rh6+ Kd5 46.
Rd6+ Kc5 47. e4 fxe4+ 48. Kxe4 Rxa2 49. f5 Re2+ 50. Kf4 b4 51. f6 b3 52. Rd1 b2
53. Kf5 Rf2+ 54. Kg6 Rg2+ 55. Kf7 Rd2 56. Rb1 a5 57. e6 a4 58. e7 Rd7 59. Rxb2
a3 60. Rc2+ Kb6 61. Ke6 a2 62. Rxa2 Rd3 63. e8=Q Re3+ 64. Kf7 Rxe8 65. Kxe8 Kc6
66. f7 Kd5 67. f8=Q Ke6 68. Qf4 Kd5 69. Ra5+ Kc6 70. Qf6+ Kb7 71. Qa6+ Kc7 72.
Rc5+ Kb8 73. Rc8# 1-0

[Event "Chigorin Memorial"]
[Site "St Petersburg"]
[Date "2016.10.21"]
[Round "7.144"]
[White "Sokolov, Ilia"]
[Black "Kopasov, Evgeny"]
[Result "1/2-1/2"]
[WhiteElo "1762"]
[BlackElo "1993"]
[PlyCount "81"]
[EventDate "2016.10.15"]
[EventType "swiss"]
[EventRounds "9"]
[EventCountry "RUS"]

1. Nf3 Nf6 2. g3 g6 3. Bg2 Bg7 4. O-O O-O 5. c4 d5 6. cxd5 Nxd5 7. Nc3 Nb6 8.
d3 Nc6 9. Be3 e5 10. Qd2 Re8 11. Rfc1 Nd4 12. Bg5 f6 13. Bh6 Be6 14. Bxg7 Kxg7
15. Nxd4 exd4 16. Ne4 Bd5 17. Rc2 Qe7 18. Qf4 c6 19. Qd6 Rad8 20. Qxe7+ Rxe7
21. Nc5 Rde8 22. Bxd5 Nxd5 23. Kf1 f5 24. a3 b6 25. Na6 Nc7 26. Nxc7 Rxc7 27.
Rc4 c5 28. b4 Rec8 29. Rac1 Kf6 30. e3 dxe3 31. fxe3 Ke6 32. Ke2 Kd6 33. b5 Re8
34. Rf1 Rce7 35. Rf3 Kd5 36. g4 fxg4 37. Rxg4 Kd6 38. Rgf4 Kd7 39. Rf7 Ke6 40.
R7f6+ Kd7 41. Rf7 1/2-1/2

[Event "Chigorin Memorial"]
[Site "St Petersburg"]
[Date "2016.10.21"]
[Round "7.145"]
[White "Pavlova, Natalia"]
[Black "Glazov, Anatoly"]
[Result "1-0"]
[WhiteElo "1990"]
[BlackElo "1763"]
[PlyCount "97"]
[EventDate "2016.10.15"]
[EventType "swiss"]
[EventRounds "9"]
[EventCountry "RUS"]

1. e4 e5 2. Nf3 Nc6 3. d4 exd4 4. Bc4 Be7 5. c3 Na5 6. Qxd4 Nxc4 7. Qxc4 Nf6 8.
e5 d5 9. Qa4+ Qd7 10. Qc2 Ne4 11. O-O O-O 12. c4 Qc6 13. b3 Be6 14. Nd4 Qb6 15.
Be3 Bc5 16. Rd1 f6 17. b4 Bxd4 18. Bxd4 Qxb4 19. cxd5 Bxd5 20. f3 Ng5 21. Bc5
Qa5 22. Bxf8 Rxf8 23. Qd2 Qxd2 24. Rxd2 Bxf3 25. h4 Ne4 26. gxf3 Nxd2 27. Nxd2
fxe5 28. Rc1 c6 29. Rc5 Rf5 30. Kg2 Kf7 31. Ne4 Ke6 32. Ra5 Kd7 33. Rxa7 Kc7
34. Rxb7+ Kxb7 35. Nd6+ Kb6 36. Nxf5 g6 37. Ne3 Kb5 38. Ng4 Ka4 39. Nxe5 c5 40.
Kf2 Ka3 41. Ke3 Kxa2 42. Kd3 Kb3 43. f4 Kb4 44. h5 gxh5 45. f5 h4 46. Ke3 c4
47. f6 h3 48. Kf3 Kc5 49. f7 1-0

[Event "Chigorin Memorial"]
[Site "St Petersburg"]
[Date "2016.10.21"]
[Round "7.146"]
[White "Lapin, Nikita"]
[Black "Gordon, Evgeny"]
[Result "1-0"]
[WhiteElo "1686"]
[BlackElo "1988"]
[PlyCount "83"]
[EventDate "2016.10.15"]
[EventType "swiss"]
[EventRounds "9"]
[EventCountry "RUS"]

1. e4 d6 2. d4 Nf6 3. Nc3 e5 4. dxe5 dxe5 5. Qxd8+ Kxd8 6. Bg5 Be6 7. O-O-O+
Kc8 8. Bxf6 gxf6 9. Nd5 Nd7 10. Nf3 c6 11. Nc3 Bb4 12. Ne2 Bc5 13. Nc3 Bxf2 14.
Be2 Kc7 15. Rhf1 Be3+ 16. Kb1 h5 17. Nh4 b5 18. Nf5 Bc5 19. a3 Rab8 20. b4 Bf8
21. h4 Nb6 22. Ng3 Nc4 23. Bxc4 Bxc4 24. Rxf6 Be7 25. Rf5 Be6 26. Rxe5 Bxh4 27.
Nf5 Bf6 28. Rc5 Rhg8 29. Nd5+ Bxd5 30. exd5 Rb6 31. dxc6 Rxc6 32. Rxc6+ Kxc6
33. Rd6+ Kb7 34. Rxf6 Rxg2 35. Rxf7+ Kb6 36. Rh7 Rg5 37. Nd4 a6 38. Ne6 Rg1+
39. Kb2 a5 40. Rxh5 axb4 41. axb4 Rg4 42. c3 1-0

[Event "Chigorin Memorial"]
[Site "St Petersburg"]
[Date "2016.10.21"]
[Round "7.147"]
[White "Lingur, Zalina"]
[Black "Yurasova, Daria"]
[Result "1-0"]
[WhiteElo "1986"]
[BlackElo "1757"]
[PlyCount "119"]
[EventDate "2016.10.15"]
[EventType "swiss"]
[EventRounds "9"]
[EventCountry "RUS"]

1. e4 e5 2. Nf3 Nc6 3. Bb5 a6 4. Ba4 Nf6 5. O-O b5 6. Bb3 Bb7 7. Re1 Bc5 8. c3
d6 9. d4 Bb6 10. a4 h6 11. Na3 O-O 12. h3 Re8 13. d5 Ne7 14. Be3 Bxe3 15. Rxe3
Rb8 16. axb5 axb5 17. Qe2 Qd7 18. Nxb5 c6 19. dxc6 Bxc6 20. c4 Bxb5 21. cxb5
Qxb5 22. Qxb5 Rxb5 23. Ra7 Reb8 24. Bc4 R5b7 25. Rxb7 Rxb7 26. b3 Rb6 27. Nd2
Nc6 28. f3 Nd4 29. Re1 Nd7 30. Ra1 Ne6 31. Ra8+ Kh7 32. Ra7 Ndc5 33. Ra3 Rb7
34. Bd5 Rb4 35. Nc4 Nxb3 36. Nxd6 Nbd4 37. Nxf7 Nf4 38. Nxe5 Rb5 39. Ra4 Nde2+
40. Kh2 Nxd5 41. exd5 Rxd5 42. Re4 Nf4 43. Ng4 g5 44. Rxf4 gxf4 45. Nf6+ Kg6
46. Nxd5 Kf5 47. g3 fxg3+ 48. Kxg3 Ke5 49. Ne3 Kf6 50. Kg4 Kg6 51. h4 h5+ 52.
Kf4 Kf6 53. Nf5 Kg6 54. Ng3 Kh6 55. Kf5 Kh7 56. Nxh5 Kh6 57. Ng3 Kg7 58. Ke6
Kf8 59. f4 Kg7 60. f5 1-0

[Event "Chigorin Memorial"]
[Site "St Petersburg"]
[Date "2016.10.21"]
[Round "7.148"]
[White "Schetchikov, Vladimir"]
[Black "Khochinsky, Andrey"]
[Result "1-0"]
[WhiteElo "1967"]
[BlackElo "1745"]
[PlyCount "117"]
[EventDate "2016.10.15"]
[EventType "swiss"]
[EventRounds "9"]
[EventCountry "RUS"]

1. e4 c5 2. c4 d6 3. Nc3 Nf6 4. g3 Nc6 5. Bg2 g6 6. Nge2 Bg7 7. O-O O-O 8. d3
Bd7 9. h3 a6 10. Bg5 h6 11. Be3 Rb8 12. a4 Ne8 13. f4 Nc7 14. f5 g5 15. d4 b6
16. b3 cxd4 17. Nxd4 Be5 18. Nce2 Kh7 19. Ra2 Rg8 20. Nf3 Bf6 21. Rd2 Ne5 22.
Nxe5 Bxe5 23. Bd4 Bxd4+ 24. Nxd4 f6 25. Bf3 Be8 26. e5 fxe5 27. Nc6 Bxc6 28.
Bxc6 Qf8 29. f6 Rd8 30. Be4+ Kh8 31. Qh5 exf6 32. Rdf2 Ne8 33. Bd5 Qg7 34. Bxg8
Kxg8 35. b4 Kh7 36. Qg4 Qd7 37. Qe4+ Kg7 38. h4 Qf7 39. hxg5 hxg5 40. Rh2 Kg8
41. Rh6 d5 42. cxd5 Rxd5 43. Rg6+ Kf8 44. Rxg5 Rd4 45. Qc6 Rd6 46. Qc3 Re6 47.
Rg4 e4 48. Qe3 f5 49. Rgf4 Rf6 50. R1f2 Kg7 51. Rh4 Qd7 52. Rd2 Qc7 53. Rdh2
Qe5 54. Qg5+ Kf7 55. Rh7+ Ke6 56. Qg8+ Kd6 57. Rd2+ Kc6 58. Qc4+ Qc5+ 59. bxc5
1-0

[Event "Chigorin Memorial"]
[Site "St Petersburg"]
[Date "2016.10.21"]
[Round "7.149"]
[White "Shkuratov, Vladimir"]
[Black "Grishaev, Igor"]
[Result "0-1"]
[WhiteElo "1681"]
[BlackElo "1956"]
[PlyCount "98"]
[EventDate "2016.10.15"]
[EventType "swiss"]
[EventRounds "9"]
[EventCountry "RUS"]

1. e4 c5 2. Nf3 d6 3. d4 cxd4 4. Nxd4 Nf6 5. Nc3 a6 6. Bg5 e6 7. f4 Qc7 8. Qf3
Nbd7 9. O-O-O b5 10. a3 Bb7 11. g4 Rc8 12. Bd3 d5 13. e5 Bxa3 14. Ncxb5 axb5
15. bxa3 Ne4 16. Bxe4 dxe4 17. Qb3 O-O 18. Nxb5 Qc5 19. Rxd7 Bc6 20. Rc7 Qxb5
21. Qxb5 Bxb5 22. Rxc8 Rxc8 23. Kd2 e3+ 24. Kxe3 Rxc2 25. Rb1 h6 26. Bxh6 Rc3+
27. Kd4 Rd3+ 28. Ke4 Rd5 29. Rxb5 Rxb5 30. Bg5 Kf8 31. f5 Ra5 32. f6 Ra4+ 33.
Kf3 Rxa3+ 34. Ke4 g6 35. h4 Rg3 36. Kf4 Rh3 37. Ke4 Ke8 38. Kf4 Kd7 39. Ke4 Kc6
40. h5 gxh5 41. gxh5 Rxh5 42. Be3 Rh4+ 43. Kf3 Kd5 44. Bf4 Rxf4+ 45. Kxf4 Kd4
46. Kg4 Kxe5 47. Kg5 Kd5 48. Kh6 e5 49. Kg7 Ke6 0-1

[Event "Chigorin Memorial"]
[Site "St Petersburg"]
[Date "2016.10.21"]
[Round "7.150"]
[White "Scheglov, Dmitry"]
[Black "Vorobyova, Ekaterina"]
[Result "1-0"]
[WhiteElo "1953"]
[BlackElo "1668"]
[PlyCount "79"]
[EventDate "2016.10.15"]
[EventType "swiss"]
[EventRounds "9"]
[EventCountry "RUS"]

1. e4 e5 2. Nf3 Nc6 3. Bb5 a6 4. Ba4 Nf6 5. Bxc6 dxc6 6. d3 Qd6 7. Nbd2 Be6 8.
b3 Nd7 9. Bb2 f6 10. Nf1 O-O-O 11. Ne3 g6 12. O-O Bg7 13. Qe2 Qe7 14. d4 Bf7
15. d5 cxd5 16. exd5 f5 17. c4 h5 18. Rfe1 Rde8 19. Rad1 f4 20. Nc2 g5 21. Nd2
Bg6 22. Ba3 Qf7 23. Ne4 Qf5 24. f3 g4 25. c5 gxf3 26. gxf3 Bf8 27. c6 Nb6 28.
d6 cxd6 29. Bxd6 Qf7 30. cxb7+ Qxb7 31. Nc5 Qa7 32. Kh1 Rg8 33. Nb4 a5 34. Nc6
Qa8 35. Qb5 Bxd6 36. Rxd6 Kc7 37. Red1 Rb8 38. Ne6+ Kc8 39. Ne7+ Kb7 40. Qxb6#
1-0

[Event "Chigorin Memorial"]
[Site "St Petersburg"]
[Date "2016.10.21"]
[Round "7.151"]
[White "Tsarkov, Mikhail"]
[Black "Efremov, Vladislav"]
[Result "0-1"]
[WhiteElo "1636"]
[BlackElo "1933"]
[PlyCount "108"]
[EventDate "2016.10.15"]
[EventType "swiss"]
[EventRounds "9"]
[EventCountry "RUS"]

1. e4 c5 2. Nf3 e6 3. c4 Nc6 4. d4 cxd4 5. Nxd4 Bc5 6. Nxc6 bxc6 7. Nc3 Qb6 8.
Qc2 Rb8 9. Bd3 e5 10. O-O Bd4 11. Na4 Qc7 12. Rb1 Ne7 13. b3 c5 14. Nc3 a6 15.
Nd5 Qd6 16. Kh1 Nc6 17. Bd2 O-O 18. f4 a5 19. a3 exf4 20. Bxf4 Be5 21. Bxe5
Nxe5 22. Be2 Nc6 23. Qd3 Kh8 24. Bh5 Ba6 25. a4 f6 26. Qh3 Ne5 27. Nf4 Kg8 28.
Rfd1 Qb6 29. Nd5 Qe6 30. Qc3 g6 31. Be2 Kg7 32. Qxa5 Qc6 33. Qc3 Rb7 34. Rf1 d6
35. Rf2 Qe8 36. Rbf1 Rbf7 37. Qa5 Qc6 38. Qc3 Qe8 39. b4 cxb4 40. Qxb4 Qc6 41.
Rc1 Rb7 42. Qa5 Bxc4 43. Bxc4 Nxc4 44. Qc3 Ne5 45. Qxc6 Nxc6 46. h3 Ne5 47.
Rcf1 Rbf7 48. Nf4 Re8 49. Nd5 Nd7 50. Nc7 Rxe4 51. Rd2 Nc5 52. Rxd6 Rxc7 53.
Rc1 Rxa4 54. Rd5 Ra5 0-1

[Event "Chigorin Memorial"]
[Site "St Petersburg"]
[Date "2016.10.21"]
[Round "7.152"]
[White "Ageeva, Vasilisa"]
[Black "Mirzaeva, Gulnara"]
[Result "0-1"]
[WhiteElo "1556"]
[BlackElo "1919"]
[PlyCount "82"]
[EventDate "2016.10.15"]
[EventType "swiss"]
[EventRounds "9"]
[EventCountry "RUS"]

1. e4 Nc6 2. Nc3 d6 3. d4 e6 4. Be3 Nf6 5. Be2 Be7 6. Qd2 a6 7. f3 e5 8. d5 Nb8
9. g4 b5 10. Bf1 c6 11. dxc6 Nxc6 12. h4 Be6 13. Qf2 b4 14. Na4 Nd7 15. g5 O-O
16. Bh3 Bxh3 17. Rxh3 f5 18. Qd2 Kh8 19. exf5 Rxf5 20. Qd5 Qc7 21. Qe6 Raf8 22.
O-O-O R5f7 23. Kb1 Ndb8 24. Qg4 Nd7 25. g6 Rf5 26. gxh7 Nd4 27. Rd2 Qc4 28. Rg2
Qf1+ 29. Bc1 R5f7 30. h5 Nf6 31. Qg6 Ne8 32. h6 Ne6 33. Ne2 Bg5 34. Rhg3 Bxc1
35. Nxc1 Nf4 36. hxg7+ Rxg7 37. Qh6 Nxg2 38. Rxg7 Nxg7 39. Qxd6 Qxf3 40. Qxe5
Qc6 41. Qe7 Rc8 0-1

[Event "Chigorin Memorial"]
[Site "St Petersburg"]
[Date "2016.10.21"]
[Round "7.153"]
[White "Lapushnian, Eran"]
[Black "Makeev, Konstantin"]
[Result "1-0"]
[WhiteElo "1910"]
[BlackElo "1525"]
[PlyCount "67"]
[EventDate "2016.10.15"]
[EventType "swiss"]
[EventRounds "9"]
[EventCountry "RUS"]

1. e4 g6 2. d4 Bg7 3. Nc3 d6 4. Be3 Nf6 5. f3 Nc6 6. Qd2 e5 7. d5 Ne7 8. O-O-O
a6 9. h4 h5 10. Nh3 Bxh3 11. Rxh3 Qd7 12. Kb1 Nfg8 13. Be2 Bh6 14. g4 Bxe3 15.
Qxe3 Nf6 16. Rg1 b5 17. a3 c5 18. Rh2 Qb7 19. f4 Nd7 20. gxh5 gxh5 21. f5 O-O-O
22. Rg7 Rdf8 23. Rhg2 Kb8 24. Qg5 f6 25. Qe3 Rfg8 26. R2g3 Rxg7 27. Rxg7 Nb6
28. Rf7 b4 29. axb4 cxb4 30. Rxe7 Qxe7 31. Qxb6+ Qb7 32. Qxd6+ Ka7 33. Na4 b3
34. cxb3 1-0

[Event "Chigorin Memorial"]
[Site "St Petersburg"]
[Date "2016.10.21"]
[Round "7.156"]
[White "Mukhtarova, Anastasiia"]
[Black "Kundianok, Vladislav"]
[Result "1-0"]
[WhiteElo "1869"]
[BlackElo "1616"]
[PlyCount "67"]
[EventDate "2016.10.15"]
[EventType "swiss"]
[EventRounds "9"]
[EventCountry "RUS"]

1. c4 e5 2. Nc3 Nf6 3. Nf3 Nc6 4. g3 d5 5. cxd5 Nxd5 6. d3 Be7 7. Bg2 Nb6 8.
O-O g5 9. b3 h5 10. Bb2 g4 11. Nd2 h4 12. Re1 hxg3 13. hxg3 f5 14. Nf1 Bg5 15.
e3 Kf7 16. Ne2 Qd6 17. d4 e4 18. Nf4 Bxf4 19. exf4 Rd8 20. Re2 Nd5 21. a3 b6
22. Rc1 Ba6 23. Rec2 Nce7 24. Nd2 Bd3 25. Nc4 Qh6 26. Ne5+ Kg7 27. Nxd3 exd3
28. Qxd3 Rh8 29. Rxc7 Nxc7 30. d5+ Kf7 31. Bxh8 Rxh8 32. Rxc7 Qd6 33. Qc3 Re8
34. Rxa7 1-0

[Event "Chigorin Memorial"]
[Site "St Petersburg"]
[Date "2016.10.21"]
[Round "7.158"]
[White "Nikitinyh, Boris"]
[Black "Zolotyh, Lev"]
[Result "1-0"]
[WhiteElo "2114"]
[BlackElo "1767"]
[PlyCount "125"]
[EventDate "2016.10.15"]
[EventType "swiss"]
[EventRounds "9"]
[EventCountry "RUS"]

1. e4 e5 2. Nf3 Nc6 3. Bb5 a6 4. Ba4 d6 5. Nc3 Nf6 6. h3 Be7 7. d3 O-O 8. Bg5
Nd7 9. Be3 b5 10. Bb3 Na5 11. O-O Nxb3 12. axb3 Bb7 13. Nh2 Nf6 14. f4 exf4 15.
Bxf4 d5 16. e5 Ne8 17. d4 c5 18. Ne2 Nc7 19. c3 Ne6 20. Be3 f6 21. exf6 Rxf6
22. Rxf6 gxf6 23. Ng3 cxd4 24. cxd4 Kh8 25. Nf5 Qd7 26. Qd3 Rg8 27. Ng4 Ng5 28.
Re1 Ne4 29. Ngh6 Rg6 30. Nh4 Rg7 31. N6f5 Rg8 32. Bf4 Bc8 33. Qf3 Bb4 34. Rc1
Ng5 35. Qd3 Ba5 36. Kh2 Ne4 37. Qf3 Qe8 38. Nd6 Nxd6 39. Bxd6 Qe6 40. Bf4 Bb6
41. Qf2 Qe4 42. Be3 f5 43. Nf3 Ba7 44. Ne5 Bb8 45. g3 Be6 46. Bf4 Rc8 47. Nf7+
Kg7 48. Ng5 Bxf4 49. Nxe4 Bxc1 50. Nc5 Bf7 51. Qxf5 Re8 52. Qg4+ Kh6 53. Qd1
Bg5 54. h4 Bd8 55. Qf3 Kg7 56. Nd7 Bc7 57. Qf6+ Kg8 58. Qg5+ Kh8 59. Ne5 Be6
60. g4 Bd8 61. Qh5 Rg8 62. g5 Kg7 63. Qh6+ 1-0

[Event "Chigorin Memorial"]
[Site "St Petersburg"]
[Date "2016.10.21"]
[Round "7.159"]
[White "Stepanov, Ivan"]
[Black "Peev, Kosta"]
[Result "0-1"]
[WhiteElo "1760"]
[BlackElo "2108"]
[PlyCount "48"]
[EventDate "2016.10.15"]
[EventType "swiss"]
[EventRounds "9"]
[EventCountry "RUS"]

1. Nf3 Nf6 2. g3 g6 3. Bg2 Bg7 4. O-O O-O 5. c4 d6 6. Nc3 Nbd7 7. d3 e5 8. Rb1
Re8 9. b4 a5 10. b5 Nc5 11. Nd2 Bf5 12. Ba3 Nfd7 13. Nde4 Rb8 14. b6 Nxe4 15.
bxc7 Qxc7 16. Nxe4 Nc5 17. Nxc5 dxc5 18. Qa4 e4 19. Rfd1 exd3 20. Rxb7 Qxb7 21.
Bxb7 dxe2 22. Re1 Bc3 23. Rxe2 Rxe2 24. Bd5 Bh3 0-1

[Event "Chigorin Memorial"]
[Site "St Petersburg"]
[Date "2016.10.21"]
[Round "7.160"]
[White "Pankova, Julia"]
[Black "Zemnitskiy, Alexander"]
[Result "0-1"]
[WhiteElo "1745"]
[BlackElo "2044"]
[PlyCount "110"]
[EventDate "2016.10.15"]
[EventType "swiss"]
[EventRounds "9"]
[EventCountry "RUS"]

1. e4 e5 2. Nf3 Nf6 3. Nxe5 Nxe4 4. Qe2 Qe7 5. d4 d6 6. Qxe4 dxe5 7. Qxe5 Qxe5+
8. dxe5 Bf5 9. c3 Nd7 10. f4 O-O-O 11. Be3 Nc5 12. Nd2 Nd3+ 13. Bxd3 Rxd3 14.
Kf2 Be7 15. Nf3 Rhd8 16. h3 a5 17. Ke2 a4 18. a3 R3d5 19. Bd4 c5 20. Be3 Bd3+
21. Kf2 Be4 22. Ke2 f6 23. exf6 Bxf6 24. Rhd1 Bd3+ 25. Kf2 b6 26. Ne1 Be4 27.
Rxd5 Rxd5 28. g3 Kc7 29. Ke2 Kc6 30. Rd1 Rxd1 31. Kxd1 Kd5 32. Kd2 Kc4 33. Bf2
h5 34. Be3 g6 35. Bf2 Bf5 36. h4 Kb3 37. Kc1 Be4 38. Be3 Be7 39. Bf2 b5 40. Be3
Bf8 41. Bd2 b4 42. cxb4 Bg7 43. Bc3 Bxc3 44. bxc3 Kxa3 45. bxc5 Kb3 46. c6 Bxc6
47. Nc2 Kxc3 48. Na3 Kb3 49. Nb1 a3 50. Nd2+ Kc3 51. Nb1+ Kb4 52. Nxa3 Kxa3 53.
Kc2 Kb4 54. Kd3 Kc5 55. Kc3 Be4 0-1

[Event "Chigorin Memorial"]
[Site "St Petersburg"]
[Date "2016.10.21"]
[Round "7.161"]
[White "Pogorelskikh, Sofia"]
[Black "Sheynin, Izrail"]
[Result "0-1"]
[WhiteElo "1717"]
[BlackElo "1982"]
[PlyCount "88"]
[EventDate "2016.10.15"]
[EventType "swiss"]
[EventRounds "9"]
[EventCountry "RUS"]

1. e4 c5 2. Nf3 d6 3. d4 cxd4 4. Nxd4 Nf6 5. Nc3 g6 6. f3 Bg7 7. Be3 a6 8. Bc4
b5 9. Bb3 Bb7 10. Qd2 Nc6 11. O-O-O Rc8 12. Kb1 Ne5 13. Bh6 Bxh6 14. Qxh6 Qb6
15. g4 Nc4 16. Bxc4 Rxc4 17. Qd2 h5 18. g5 Nd7 19. Nde2 O-O 20. Nf4 Rfc8 21.
Ncd5 Qd8 22. Ne3 R4c5 23. Nfd5 Ne5 24. f4 Nc4 25. Nxc4 Rxc4 26. Rhe1 Bxd5 27.
exd5 Rxc2 28. Qxc2 Rxc2 29. Kxc2 Qc8+ 30. Kb1 Qf5+ 31. Ka1 Qxf4 32. Rxe7 Qxg5
33. Rc7 Qe5 34. a3 h4 35. h3 Qe2 36. Rd4 Qe3 37. Rg4 Qxh3 38. Rf4 Qh1+ 39. Ka2
Qxd5+ 40. Ka1 g5 41. Rf1 Kg7 42. Rcc1 h3 43. Rcd1 Qe6 44. Rde1 Qd7 0-1

[Event "Chigorin Memorial"]
[Site "St Petersburg"]
[Date "2016.10.21"]
[Round "7.162"]
[White "Stepanov, Andrey"]
[Black "Grekhov, Luka"]
[Result "1-0"]
[WhiteElo "1976"]
[BlackElo "1600"]
[PlyCount "59"]
[EventDate "2016.10.15"]
[EventType "swiss"]
[EventRounds "9"]
[EventCountry "RUS"]

1. e4 e5 2. Nf3 Nc6 3. Bb5 a6 4. Ba4 d6 5. c3 Bd7 6. O-O Be7 7. d4 exd4 8. cxd4
Nf6 9. Nc3 O-O 10. h3 Na7 11. Bc2 Nb5 12. a4 Nxc3 13. bxc3 b5 14. Qd3 g6 15.
Bh6 Re8 16. axb5 Bxb5 17. c4 Bd7 18. Nd2 Bf8 19. Bxf8 Kxf8 20. f4 Kg7 21. e5
Ng8 22. Qc3 dxe5 23. fxe5 Qg5 24. Ne4 Qe7 25. Nf6 Rec8 26. Nxd7 Qxd7 27. e6
fxe6 28. d5+ Kh6 29. Qe3+ Kg7 30. dxe6 1-0

[Event "Chigorin Memorial"]
[Site "St Petersburg"]
[Date "2016.10.21"]
[Round "7.163"]
[White "Prishibilovich, Matvei"]
[Black "Vasilyev, Alexey"]
[Result "1/2-1/2"]
[WhiteElo "1707"]
[BlackElo "1899"]
[PlyCount "89"]
[EventDate "2016.10.15"]
[EventType "swiss"]
[EventRounds "9"]
[EventCountry "RUS"]

1. d4 Nf6 2. c4 c5 3. d5 d6 4. Nc3 g6 5. e4 Bg7 6. h3 O-O 7. Nf3 Na6 8. Bd3 Nc7
9. O-O a6 10. Re1 Rb8 11. a4 b6 12. Bf4 e6 13. Qd2 Re8 14. e5 dxe5 15. Bxe5
exd5 16. cxd5 Nfxd5 17. Nxd5 Bxe5 18. Nxe5 Qxd5 19. Qf4 Bb7 20. f3 b5 21. Rad1
Qd4+ 22. Qxd4 cxd4 23. Nd7 Rxe1+ 24. Rxe1 Rd8 25. Nc5 Bc8 26. Rc1 bxa4 27. Nxa4
Nd5 28. Rd1 Nf4 29. Nc5 Nxd3 30. Rxd3 Be6 31. Kf2 Bc4 32. Rd2 Kg7 33. f4 Rd5
34. Nd3 Bxd3 35. Rxd3 f5 36. Ke2 Kf6 37. Ra3 a5 38. Kd3 Rb5 39. b3 Rb4 40. Rxa5
Rxb3+ 41. Kxd4 Rb2 42. Ra6+ Kg7 43. g4 Rb4+ 44. Ke3 Rb3+ 45. Kd4 1/2-1/2

[Event "Chigorin Memorial"]
[Site "St Petersburg"]
[Date "2016.10.21"]
[Round "7.164"]
[White "Smorodkin, Kirill"]
[Black "Kievelitz, Bernd"]
[Result "1/2-1/2"]
[WhiteElo "1627"]
[BlackElo "1897"]
[PlyCount "85"]
[EventDate "2016.10.15"]
[EventType "swiss"]
[EventRounds "9"]
[EventCountry "RUS"]

1. e4 c5 2. Nf3 e6 3. d4 cxd4 4. Nxd4 a6 5. Bd3 Nf6 6. O-O Qc7 7. Qe2 d6 8. f4
Nbd7 9. c4 Be7 10. b3 h5 11. Bb2 b6 12. Nc3 Bb7 13. Rae1 Qc5 14. Kh1 h4 15. Na4
Qc7 16. Kg1 Nc5 17. Nxc5 bxc5 18. Nf3 O-O-O 19. e5 Nh5 20. Qe3 Qc6 21. exd6
Bxd6 22. Be4 Qxe4 23. Qxe4 Bxe4 24. Rxe4 Bxf4 25. Be5 Bxe5 26. Rxe5 Nf6 27.
Rxc5+ Kb7 28. Rg5 Rh7 29. Re5 Nd7 30. Ree1 Rh5 31. Re4 h3 32. gxh3 Nf6 33. Re5
Rxh3 34. Ng5 Rxh2 35. Nxf7 Rdd2 36. Rg5 Nh5 37. Nd8+ Kc8 38. Nxe6 Rxa2 39. Nxg7
Nxg7 40. Rxg7 Rh8 41. Rff7 Rd8 42. Rc7+ Kb8 43. Rb7+ 1/2-1/2

[Event "Chigorin Memorial"]
[Site "St Petersburg"]
[Date "2016.10.21"]
[Round "7.165"]
[White "Alekseev, Mikhail"]
[Black "Tikholiz, Sergei"]
[Result "1-0"]
[WhiteElo "1878"]
[BlackElo "1522"]
[PlyCount "35"]
[EventDate "2016.10.15"]
[EventType "swiss"]
[EventRounds "9"]
[EventCountry "RUS"]

1. e4 e5 2. Nf3 Nf6 3. Nxe5 Nxe4 4. Qe2 Qe7 5. Qxe4 d6 6. d4 dxe5 7. dxe5 Nc6
8. Bf4 Bd7 9. Nc3 O-O-O 10. O-O-O Re8 11. Bb5 a6 12. Ba4 f5 13. Qe3 Kb8 14.
Rhe1 h6 15. e6 Bxe6 16. Bxc6 bxc6 17. Qb6+ Kc8 18. Qa7 1-0

[Event "Chigorin Memorial"]
[Site "St Petersburg"]
[Date "2016.10.21"]
[Round "7.166"]
[White "Sanarov, Leonid"]
[Black "Kurbanov, Sergey"]
[Result "1-0"]
[WhiteElo "1852"]
[BlackElo "1198"]
[PlyCount "81"]
[EventDate "2016.10.15"]
[EventType "swiss"]
[EventRounds "9"]
[EventCountry "RUS"]

1. c4 e5 2. g3 Nc6 3. Bg2 g6 4. Nc3 Bg7 5. e3 d6 6. Nge2 Be6 7. d3 Qd7 8. Nd5
Nf6 9. O-O O-O 10. Rb1 Rac8 11. b4 Rfe8 12. b5 Nd8 13. Nec3 Bh3 14. e4 Bxg2 15.
Kxg2 c6 16. Nxf6+ Bxf6 17. Be3 Ra8 18. Qd2 Bg7 19. Rb2 Ne6 20. bxc6 bxc6 21.
Rfb1 Rec8 22. Rb7 Rc7 23. Qb2 Rxb7 24. Qxb7 Qxb7 25. Rxb7 c5 26. Nb5 Bf8 27.
Rxa7 Rxa7 28. Nxa7 Nd8 29. a4 Nb7 30. Nc6 d5 31. a5 d4 32. a6 dxe3 33. fxe3 Bd6
34. a7 Kg7 35. a8=Q Nd8 36. Qxd8 Bf8 37. Nxe5 f6 38. Qd7+ Kh8 39. Qe8 h5 40.
Qxf8+ Kh7 41. Qf7+ 1-0

[Event "Chigorin Memorial"]
[Site "St Petersburg"]
[Date "2016.10.21"]
[Round "7.167"]
[White "Rudikov, Dmitry"]
[Black "Moskaleva, Arina"]
[Result "1-0"]
[WhiteElo "1823"]
[BlackElo "1479"]
[PlyCount "49"]
[EventDate "2016.10.15"]
[EventType "swiss"]
[EventRounds "9"]
[EventCountry "RUS"]

1. d4 Nf6 2. c4 c5 3. d5 b5 4. cxb5 a6 5. bxa6 Bxa6 6. Nc3 d6 7. Nf3 g6 8. e4
Bxf1 9. Kxf1 Bg7 10. g3 O-O 11. Kg2 Nbd7 12. h3 Ra6 13. Re1 Qa8 14. Re2 e6 15.
dxe6 fxe6 16. Ng5 d5 17. exd5 exd5 18. Kg1 d4 19. Qb3+ Kh8 20. Nb5 Nd5 21. Nc7
Nxc7 22. Nf7+ Rxf7 23. Qxf7 Qc6 24. Re7 Ne5 25. Qxg7# 1-0

[Event "Chigorin Memorial"]
[Site "St Petersburg"]
[Date "2016.10.21"]
[Round "7.169"]
[White "Kozyakov, Andrey"]
[Black "Maksimovich, Sergey"]
[Result "0-1"]
[WhiteElo "1620"]
[BlackElo "1797"]
[PlyCount "104"]
[EventDate "2016.10.15"]
[EventType "swiss"]
[EventRounds "9"]
[EventCountry "RUS"]

1. e4 e6 2. d4 d5 3. Nc3 Nf6 4. e5 Nfd7 5. f4 c5 6. Nf3 Nc6 7. Be3 a6 8. Be2
cxd4 9. Nxd4 Bb4 10. O-O O-O 11. Bg4 Nb6 12. Bf2 Nc4 13. Rb1 Nxb2 14. Rxb2 Bxc3
15. Nxc6 bxc6 16. Rb3 Ba5 17. Bc5 Re8 18. Qd4 f5 19. exf6 Qxf6 20. Qxf6 gxf6
21. Bh5 Bd7 22. Bxe8 Bxe8 23. Bd4 Kg7 24. g4 Rc8 25. Bb6 Bd2 26. Rf2 Bc1 27.
Bc5 e5 28. fxe5 fxe5 29. Rb1 Bf4 30. Rb6 Ra8 31. Kg2 Kg6 32. Kf3 Kg5 33. Be7+
Kg6 34. h4 Ra7 35. h5+ Kh6 36. Bh4 Rf7 37. Kg2 Rg7 38. Rxf4 exf4 39. Kf3 Bd7
40. Rxa6 Rxg4 41. Bf2 Kxh5 42. Ra4 Bf5 43. c3 Be4+ 44. Ke2 Rg6 45. Ra7 Re6 46.
a4 Kg5 47. Rg7+ Bg6+ 48. Kf3 Re4 49. a5 Ra4 50. Bb6 Ra3 51. Kf2 Ra2+ 52. Kf3
Kf5 0-1